000 00971nam0a22002651 4500
001 rc\2812468
005 20250805160813.4
035 _a(NLR Aleph) 006938289
090 _a7619377
_c7619377
100 _a20110915d1944 |||y0rusy50 ca
101 0 _arus
102 _aRU
105 _aa z |||a|
200 1 _aДевять братьев
_eПовесть
_fНиколай Чуковский
_g[Ил. В. С. Баюскин]
210 _aМосква
_aЛенинград
_cВоенмориздат
_d1944
_eМосква
215 _a152 с.
_cил.
_d17 см.
700 1 _aЧуковский
_bН. К.
_f1904-1965
_gНиколай Корнеевич
_3RU\NLR\auth\7770798
702 1 _aБаюскин
_bВ. С.
_gВасилий Степанович
_4440
801 0 _aRU
_bNLR
_gpsbo
801 1 _aRU
_bELAR
_2rusmarc
852 _aNLR
_jЛ30 Г-1/287
942 _cBOOK
945 _aРоссийская национальная библиотека
980 _aNB
980 _aBV